| 000 | 00360nam a2200157Ia 4500 | ||
|---|---|---|---|
| 005 | 20250411053514.0 | ||
| 008 | 240331s9999 xx 000 0 und d | ||
| 020 | _a9789553032973 | ||
| 082 |
_bNUW _a891 |
||
| 100 | _aNuwanshreene,U | ||
| 245 | 0 | _aSarppayage,D | |
| 260 |
_aColombo _bGodage & Sons _c2011 |
||
| 300 | _a311 p ., | ||
| 650 | _aNovel | ||
| 942 | _cL | ||
| 999 |
_c5792 _d5792 |
||